Score 0/70 Timer 10:00
0 Plays Today
Hint Cyclist % Correct
2017 - stage 20Chris Froome
100%
2011 - stage 15Chris Froome
100%
2017 - stage 20Alberto Contador
97.9%
2008 - stage 13Alberto Contador
97.9%
2017 - stage 20Wout Poels
95.7%
2011 - stage 15Wout Poels
95.7%
2017 - stage 20Vincenzo Nibali
93.6%
2013 - stage 20Alejandro Valverde
93.6%
2013 - stage 20Vincenzo Nibali
93.6%
2013 - stage 20Joaquim Rodríguez
93.6%
2011 - stage 15Joaquim Rodríguez
93.6%
2008 - stage 13Alejandro Valverde
93.6%
2008 - stage 13Joaquim Rodríguez
93.6%
2017 - stage 20Ilnur Zakarin
91.5%
2011 - stage 15Bradley Wiggins
91.5%
2013 - stage 20Thibaut Pinot
89.4%
2011 - stage 15Denis Menchov
89.4%
2017 - stage 20Romain Bardet
87.2%
2008 - stage 13Robert Gesink
87.2%
2002 - stage 15Roberto Heras
87.2%
2000 - stage 15Roberto Heras
87.2%
1999 - stage 8Roberto Heras
87.2%
2017 - stage 20Wilco Kelderman
85.1%
2011 - stage 15Juan José Cobo
85.1%
2008 - stage 13Levi Leipheimer
85.1%
2008 - stage 13Carlos Sastre
80.9%
2008 - stage 13Damiano Cunego
80.9%
2013 - stage 20Chris Horner
78.7%
2000 - stage 15Pavel Tonkov
76.6%
1999 - stage 8Pavel Tonkov
76.6%
2002 - stage 15Iban Mayo
74.5%
1999 - stage 8Jan Ullrich
74.5%
2017 - stage 20Steven Kruijswijk
72.3%
1999 - stage 8José Mariá Jiménez
72.3%
2017 - stage 20Michael Woods
70.2%
Hint Cyclist % Correct
2002 - stage 15Joseba Beloki
70.2%
2002 - stage 15Gilberto Simoni
70.2%
2000 - stage 15Gilberto Simoni
70.2%
2000 - stage 15Raimonas Rumsas
70.2%
2011 - stage 15Bauke Mollema
68.1%
2013 - stage 20Kenny Elissonde
63.8%
1999 - stage 8Igor González de Galdeano
63.8%
2002 - stage 15Aitor González
61.7%
2000 - stage 15Fernando Escartín
61.7%
2008 - stage 13Ezequiel Mosquera
59.6%
2011 - stage 15Maxime Monfort
57.4%
2011 - stage 15Igor Antón
55.3%
2002 - stage 15Francesco Casagrande
51.1%
2000 - stage 15Roberto Laiseka
51.1%
1999 - stage 8Abraham Olano
51.1%
2008 - stage 13Daniel Moreno
46.8%
2002 - stage 15Ángel Luis Casero
46.8%
1999 - stage 8Leonardo Piepoli
44.7%
2017 - stage 20Franco Pellizotti
40.4%
2000 - stage 15Laurent Brochard
38.3%
2013 - stage 20José Mendes
29.8%
2013 - stage 20André Cardoso
27.7%
2008 - stage 13Oliver Zaugg
27.7%
1999 - stage 8Manuel Beltrán
27.7%
2011 - stage 15Sergey Lagutin
25.5%
2002 - stage 15Fabian Jeker
23.4%
2002 - stage 15Felix Manuel García
23.4%
1999 - stage 8José Luis Rubiera
23.4%
2013 - stage 20Dominik Nerz
19.1%
2000 - stage 15Jan Hruska
17%
2013 - stage 20Serge Pauwels
12.8%
1999 - stage 8Davide Rebellin
10.6%
2002 - stage 15Danilo di Luca
8.5%
2000 - stage 15Tomasz Brozyna
8.5%
2000 - stage 15Gorka Gerrikagoitia
2.1%

You're not logged in!

Compare scores with friends on all Sporcle quizzes.
OR
Log In

Sporcle TV

Today on Sporcle TV


Watch our educational content, quiz creation guides, and fun videos on Sporcle TV.

Show Comments

Extras

Top Quizzes Today


Score Distribution

Paid Content

Your Account Isn't Verified!

In order to create a playlist on Sporcle, you need to verify the email address you used during registration. Go to your Sporcle Settings to finish the process.

Report this User

Report this user for behavior that violates our Community Guidelines.

Details: